000 00683nam a2200181 a 4500
005 20221028063504.0
008 991125s1950 mx 000 0 spa u
035 _aUPN01000005613
049 _aCG
050 4 _aZ8155.45
_bC3.2
100 1 _aCarrasco Puente, Rafael,
_d1902-
_930209
245 1 0 _aBibliografía de Catarina de San Juan y de la China Poblana /
_cRafael Carrasco Puente ; pról. Carlos González Peña.
260 _aMéxico :
_bSRE, Departamento de Información para el Extranjero,
_c1950.
300 _axvii, 149 p. :
_bil.
440 0 _aMonografías bibliográficas mexicanas.
_pSegunda serie ;
_v3
600 0 4 _aCATARINA DE SAN JUAN,
_d1614-1688
_96504
905 _aLibro
999 _c5613
_d5613